000 00807nam a2200217Ii 4500
003 JO-AjNU
008 230605s9999||||xx |||||||||||||| ||und||
017 _a2003/12/2595
020 _a9957-32-051-3
040 _aJO-AjNU
_bara
_erda
_cJO-AjNU
041 _aara
050 1 4 _aHF5415.13.S956 2004
100 3 _aتأليف الصميدعي، محمود جاسم محمد,
_eauthor
_957105
245 0 0 _aاستراتيجيات التسويق: مدخل كمي وتحليلي
264 3 1 _aعمان: دار الحامد للنشر والتوزيع، 2004
300 _a333ص
_bيحتوي ببلوغرافية من ص 329-333ص
336 _atext
_btxt
_2rdacontent
337 _aunmediated
_bn
_2rdamedia
338 _avolume
_bnc
_2rdacarrier
650 4 _aالتسويق - ادارة وتنظيم
_957106
999 _aA25570
_c29138
_d29138